Normal view
MARC view
- Ayarza, Emilia,
Entry Nombre Personal
001 - NUMERO DE CONTROL
- campo de control: 31929
003 - IDENTIFICADOR DE NUMERO DE CONTROL
- campo de control: UPN
005 - FECHA Y HORA DE LA ÜLTIMA TRANSACCIÓN
- campo de control: 20210219194427.0
008 - DATOS DE LONGITUD FIJA
- campo de control de longitud fija: nabaccnnaabn|||||||||| b |nc|||||d
035 ## - NUMERO DE CONTROL
- Número de control: UPN11000004035
040 ## - FUENTE DE CATALOGACIÓN
- Lenguaje de catalogación: SPA
- Agencia de transcripción: UPN
053 #4 - NÚMERO DE CLASIFICACIÓN LC
- Número de clasificación elemento-número único o número inicial de tramo: PQ8180.1 Y3.7
100 1# - ENCABEZAMIENTO - NOMBRE PERSONAL
- Nombre personal: Ayarza, Emilia,
- Fechas asociadas con el nombre: 1920-1966
670 ## - FUENTE EN LA QUE SE LOCALIZARON DATOS
- Cita de la fuente: T
- Uniform Resource Identifier: http://books.google.com.mx/books?id=PoZdAAAAMAAJ&q=Ayarza,+Emilia,1920-1966&dq=Ayarza,+Emilia,1920-1966&hl=es&sa=X&ei=ViNZT8v1AfOrsALLquDUDQ&ved=0CDUQ6AEwAg
680 ## - NOTA PUBLICA DE ACCESO PÚBLICO
- Frase explicativa de la referencia: Escritora colombiana
902 ## - CATALOGADOR
- Catalogador: CAA/080312
